000 00992nam a22002537a 4500
999 _c63274
_d63274
005 20240530110632.0
008 170711s2014 ua g 000 0 ara d
017 _a2013/14032
_bمصر . دار الكتب المصرية
020 _a9789774484551
040 _aEG-CaGPL
082 0 4 _221
_a623.89 \
_bس م
100 0 _aسيد سليمان الندوى
_eمؤلف
245 1 2 _aالملاحة عند العرب /
_cتأليف سيد سليمان الندوى ؛ ترجمة جلال السعيد احفناوى
250 _aط 1
260 _aالقاهرة :
_bالمركز القومي للترجمة ،
_c2014
300 _a144 ص ؛
_c24 سم
490 0 _aالمركز القومي للترجمة ؛
_v2071
504 _aيشتمل علي ارجاعات ببلوجرافية
650 0 7 _aالملاحة
650 0 7 _aالملاحة عند العرب
700 0 _aجلال السعيد الحفناوي
_eمترجم
942 _2ddc
_cBK